MARC

LEADER 00000nam0a2200000 4500
001 166491
005 20231031162514.0
010 |a 5020299170 
020 |a RU  |b 91-21697 
035 |a (RuTPU)RU\TPU\book\180601 
090 |a 166491 
100 |a 20091002d1991 m a0rusy5003 ca 
101 0 |a rus 
102 |a RU 
105 |a a z 001zy 
200 1 |a Матричные модели надежности систем  |e инженерные методы расчета  |f Б. П. Зеленцов  |g Новосибирский электротехнический институт (НЭТИ) 
210 |a Новосибирск  |c Наука  |d 1991 
215 |a 112 с.  |c ил.  |d 22 см 
320 |a Библиогр.: с. 109-110. (37 назв.) 
610 1 |a технические системы 
610 1 |a сложные технические системы 
610 1 |a надежность 
610 1 |a расчет 
610 1 |a инженерные методы 
675 |a 62-192.001.24  |z rus 
700 1 |a Зеленцов  |b Б. П.  |g Борис Павлович  |4 070 
712 0 2 |a Новосибирский электротехнический институт (НЭТИ)  |c (1950-1992)  |2 stltpush  |3 (RuTPU)RU\TPU\col\203 
801 0 |a RU  |b RuMRKP  |c 19950417  |g psbo 
801 1 |a RU  |b 63413507  |c 20091002 
801 2 |a RU  |b 63413507  |c 20100625  |g RCR 
942 |c BK